000 01110nac a22002771u 4500
010 _a 2005017736
020 _a1405110546 (alk. paper)
020 _a9781405110549
035 _a(OCoLC)ocm60776630
082 0 0 _a690
_bEm66
090 _c2682
_d2682
100 _aEmmitt, Stephen.
245 1 0 _aBarry's advanced construction of buildings /
_cStephen Emmitt and Christopher A. Gorse.
246 3 _aAdvanced construction of buildings
260 _aOxford ;
_aMalden, MA :
_bBlackwell Pub.,2006
_c2006.
300 _ax, 625 p. :
_bill. ;
_c25 cm.
500 _aRevision of volumes 3, 4 & 5 of Construction of buildings by Robin Barry.
504 _aIncludes bibliographical references (p. 619-620) and index.
504 _aIncludes web resources.
650 0 _aBuilding.
700 1 _aGorse, Christopher A.
700 1 _aBarry, R.
_q(Robin).
856 4 1 _3Table of contents
_uhttp://www.loc.gov/catdir/toc/ecip0515/2005017736.html
942 _cBB
_k690Em66
999 _c2682
_d2682